Izgotovlenije nagľadnych posobij po geometrii i ich primenenije na urokach.

Uložené v:
Podrobná bibliografia
Médium: Kniha
Jazyk:Slovak
Vydané: 1953.
Fyzický popis: 77 s.
Tagy: Pridať tag
Žiadne tagy, Buďte prvý kto otaguje tento záznam!

MARC

LEADER 00000nam a22000004a 4500
001 000596021
005 20181001132114.0
008 181001s1953 xo e 000 0 slo d
040 |a SVKKK  |b slo  |c SVKKK  |e AACR2 
245 1 0 |a Izgotovlenije nagľadnych posobij po geometrii i ich primenenije na urokach. 
260 |c 1953. 
300 |a 77 s. 
500 |a Záznam revízie 
910 |a svkkk 
998 |a BK 
090 |g SCKHL  |k Sklad Pribinova 2. posch.  |a III.13634  |j 66959  |i 2720569778  |4 Zastaraná  |s Vyradená